000 00343nam a2200133Ia 4500
008 230917s9999||||xx |||||||||||||| ||und||
040 _e93123
_aMAIN
041 _aEnglish
082 _a677 M312E
100 _aMandal, Shehansu
245 0 _aEffect of aminolysis on properties of polyester multifilament yarn
300 _a61 p.
942 _cTH
999 _c72822
_d72822